Katechismus památkové péče

Salvato in:
Dettagli Bibliografici
Autore principale: Dvořák, Max (Autore)
Altri autori: Petrů, Jaroslav (Traduttore)
Natura: Libro
Lingua:ceco
Pubblicazione: Praha : Národní památkový ústav, 2004
Soggetti:
Tags: Aggiungi Tag
Nessun Tag, puoi essere il primo ad aggiungerne!!

MARC

LEADER 00000nam a22000003a 4500
001 stu247093
005 20150617230156.7
008 120528s2004------------------------cze-d
020 |a 80-86234-55-X 
040 |a STU  |b slo 
041 0 |a cze 
100 1 |a Dvořák, Max  |4 aut 
245 1 |a Katechismus památkové péče 
260 |a Praha :  |b Národní památkový ústav,  |c 2004 
300 |a 195 s 
650 7 |a ochrana pamiatok  |2 stusub 
650 7 |a pamiatky architektonické  |2 stusub 
700 1 |a Petrů, Jaroslav  |4 trl 
996 |b 284AU05235  |c A*7973 U  |l AAKNST  |s P  |a 0  |w stu247093_0001 
996 |b 284AU05236  |c A*7974 U  |l AAKNAR  |s A  |a 24  |w stu247093_0002